Estatísticas para Goleiros titulares do Corinthians desde 1990

Clique aqui para jogar o quiz

Estatísticas Gerais

  • Esse quiz foi jogado 339 vezes
  • A pontuação média é 26 de 31

Estatísticas das Respostas

AnoGoleiro% Correto
2020Cássio
100%
2019Cássio
100%
2018Cássio
100%
2017Cássio
100%
2016Cássio
100%
2015Cássio
100%
2014Cássio
100%
2013Cássio
100%
2012Cássio
100%
2002Doni | Dida
94%
1999Dida
93%
2000Dida
93%
1991Ronaldo
92%
1990Ronaldo
92%
1994Ronaldo
92%
1992Ronaldo
92%
1993Ronaldo
92%
1997Ronaldo
92%
1996Ronaldo
92%
1995Ronaldo
92%
2011Julio César
88%
2007Felipe
75%
2008Felipe
75%
2009Felipe
75%
2010Felipe
75%
2001Maurício | Doni
60%
2003Doni
57%
2004Fábio Costa
55%
2005Fábio Costa
55%
1998Nei
25%
2006Marcelo
24%

Distribuição das Pontuações

Percentil de Números Respondidos

Porcentagem de Pessoas com Cada Pontuação

Sua Pontuação Histórica

Você não jogou esse quiz